Bojnice

Zobrazenie: Na striebornom podklade, v čiernom orámovaní pohľad z lúky na zámok, pred ktorým sú stromy

Bibliographic Details
Other Authors: Bičan, Ferdinand (fotograf) (Photographer)
Format: Postcard
Language:Slovak
PhysicalDescription:1 pohľadnica farebná 15 x 11 cm
Published: Bratislava Pravda 1979
Subjects:

MARC

LEADER 00000nkm a2200000 a 4500
001 vtls011929300
003 SK-MaSNL
005 20260512123728.0
007 kp co
008 231120s1979 xo g kuslo
015 |a SNBG1979 
035 |a urn:nbn:sk:snk-km00eaoj 
035 |a urn:nbn:sk:snk-km43gho 
035 |a 18A44349-03D0-4B21-B72E-E84098E2094A 
040 |a SNK  |b slo  |c SNK  |e AACR2 
041 0 |a slo 
043 |a e-xo--- 
044 |a xo  |c SK 
072 7 |a 913  |x Regionálna geografia  |2 konspekt 
080 |a 913(437.6)  |2 2011 
080 |a 904:72  |2 2011 
080 |a 728.82  |2 2011 
080 |a 728.81  |2 2011 
080 |a 904(084.121)  |2 2011 
080 |a 069  |2 2011 
100 1 |a Bičan, Ferdinand  |c (fotograf)  |4 pht  |9 364490 
245 1 0 |a Bojnice  |h grafika  |c foto Ferdinand Bičan 
246 1 |i Názov na obrazovej časti:  |a Bojnice 
260 |a Bratislava  |b Pravda  |c 1979 
300 |a 1 pohľadnica  |b farebná  |c 15 x 11 cm 
500 |a Na adresnej časti uvedené: "Bojnice - pôv. hrad spomínaný od r. 1302. Dnešna podoba Bojnického zámku pochádza z obdobia prestavby v r. 1899-1909. Je v ňom umiestnené Vlastivedné múzeum" 
520 8 |a Zobrazenie: Na striebornom podklade, v čiernom orámovaní pohľad z lúky na zámok, pred ktorým sú stromy 
610 2 7 |a Bojnický zámok  |2 SNKKA  |9 32519 
610 2 7 |a Vlastivedné múzeum (Bojnice, Slovensko)  |2 SNKKA  |9 161565 
650 0 7 |a národné kultúrne pamiatky  |2 SNKPH  |9 31192 
650 0 7 |a zámky  |2 SNKPH  |9 3041 
650 0 7 |a hrady  |2 SNKPH  |9 3039 
650 0 7 |a múzeá  |2 SNKPH  |9 4119 
651 7 |a Bojnice (Slovensko)  |2 SNKPHgeo  |9 30288 
655 7 |a miestne pohľadnice  |2 SNKPH  |9 70510 
655 7 |a pohľadnice kultúrnych pamiatok  |2 SNKPH  |9 70523 
852 |a Slovenská národná knižnica 
954 |a pohľadnice pôvodné (slovenské)  |2 lita 
958 |a GBN 
958 |a GC 
958 |a OND 
958 |a EUIPO 
999 |c 779658  |d 781588 
952 |a SNK  |b SNK  |y PREZ  |7 0  |p 17A1412043  |o snkSP 126698  |z Pohľadnica prešla poštou.  |0 0  |1 0  |4 0  |d 2020-04-16  |f 1  |l 0  |r 2026-02-24 01:01:07  |w 2026-02-24